000 00322 a2200157 4500
001 152042
040 _cEscola São Tomás de Aquino
100 _aLIMA, Silva Lima
240 1 0 _aRap rua
_lpor
245 1 0 _aRap rua
300 _a23
362 0 _a2004
440 1 _aRHJ
697 _a*LITERATURA JUVENIL
942 _cBK
999 _c152042
_d152042